<?xml version="1.0" encoding="UTF-8"?>
<record
    xmlns:xsi="http://www.w3.org/2001/XMLSchema-instance"
    xsi:schemaLocation="http://www.loc.gov/MARC21/slim http://www.loc.gov/standards/marcxml/schema/MARC21slim.xsd"
    xmlns="http://www.loc.gov/MARC21/slim">

  <leader>00814nam a22001817a 4500</leader>
  <datafield tag="999" ind1=" " ind2=" ">
    <subfield code="c">62498</subfield>
    <subfield code="d">62498</subfield>
  </datafield>
  <controlfield tag="003">Ge_BSU</controlfield>
  <controlfield tag="005">20241119113744.0</controlfield>
  <controlfield tag="008">241119s1949    ge ||||| |||| 00| 0 geo d</controlfield>
  <datafield tag="041" ind1=" " ind2=" ">
    <subfield code="a">geo</subfield>
  </datafield>
  <datafield tag="080" ind1=" " ind2=" ">
    <subfield code="a">579 &#x10DA;-93</subfield>
  </datafield>
  <datafield tag="100" ind1=" " ind2=" ">
    <subfield code="a">&#x10DA;&#x10E3;&#x10DC;&#x10D9;&#x10D4;&#x10D5;&#x10D8;&#x10E9;&#x10D8;, &#x10D5;.&#x10D5;.</subfield>
    <subfield code="9">23731</subfield>
  </datafield>
  <datafield tag="245" ind1=" " ind2=" ">
    <subfield code="a">&#x10D0;&#x10D3;&#x10D0;&#x10DB;&#x10D8;&#x10D0;&#x10DC;&#x10D8;&#x10E1; &#x10E3;&#x10EE;&#x10D8;&#x10DA;&#x10D0;&#x10D5;&#x10D8; &#x10DB;&#x10E2;&#x10E0;&#x10D4;&#x10D1;&#x10D8; &#x10D3;&#x10D0; &#x10DB;&#x10D4;&#x10D2;&#x10DD;&#x10D1;&#x10E0;&#x10D4;&#x10D1;&#x10D8; /</subfield>
    <subfield code="c">&#x10D5;.&#x10D5;. &#x10DA;&#x10E3;&#x10DC;&#x10D9;&#x10D4;&#x10D5;&#x10D8;&#x10E9;&#x10D8; ; &#x10D7;&#x10D0;&#x10E0;&#x10D2;. &#x10E5;&#x10D4;&#x10D7;&#x10DD; &#x10E6;&#x10D0;&#x10DB;&#x10D1;&#x10D0;&#x10E8;&#x10D8;&#x10EB;&#x10D8;&#x10E1;.</subfield>
  </datafield>
  <datafield tag="264" ind1=" " ind2=" ">
    <subfield code="a">&#x10D7;&#x10D1;&#x10D8;&#x10DA;&#x10D8;&#x10E1;&#x10D8; :</subfield>
    <subfield code="b">&#x10E2;&#x10D4;&#x10E5;&#x10DC;&#x10D8;&#x10D9;&#x10D0; &#x10D3;&#x10D0; &#x10E8;&#x10E0;&#x10DD;&#x10DB;&#x10D0;,</subfield>
    <subfield code="c">1949.</subfield>
  </datafield>
  <datafield tag="300" ind1=" " ind2=" ">
    <subfield code="a">108 &#x10D2;&#x10D5;. :</subfield>
    <subfield code="b">&#x10D8;&#x10DA;. ; </subfield>
    <subfield code="c">22 &#x10E1;&#x10DB;.</subfield>
  </datafield>
  <datafield tag="653" ind1=" " ind2=" ">
    <subfield code="a">&#x10DB;&#x10D8;&#x10D9;&#x10E0;&#x10DD;&#x10D1;&#x10D8;&#x10DD;&#x10DA;&#x10DD;&#x10D2;&#x10D8;&#x10D0;.</subfield>
  </datafield>
  <datafield tag="700" ind1=" " ind2=" ">
    <subfield code="a">&#x10E6;&#x10D0;&#x10DB;&#x10D1;&#x10D0;&#x10E8;&#x10D8;&#x10EB;&#x10D4;, &#x10E5;&#x10D4;&#x10D7;&#x10DD;.</subfield>
    <subfield code="e"> &#x10DB;&#x10D7;&#x10D0;&#x10E0;&#x10D2;&#x10DB;&#x10DC;&#x10D4;&#x10DA;&#x10D8;.</subfield>
    <subfield code="9">23732</subfield>
  </datafield>
  <datafield tag="942" ind1=" " ind2=" ">
    <subfield code="2">udc</subfield>
    <subfield code="c">BK</subfield>
  </datafield>
  <datafield tag="952" ind1=" " ind2=" ">
    <subfield code="0">0</subfield>
    <subfield code="1">0</subfield>
    <subfield code="2">udc</subfield>
    <subfield code="4">0</subfield>
    <subfield code="6">579_&#x10DA;93</subfield>
    <subfield code="7">0</subfield>
    <subfield code="9">101190</subfield>
    <subfield code="a">CPL</subfield>
    <subfield code="b">CPL</subfield>
    <subfield code="c">GEN</subfield>
    <subfield code="d">2024-11-19</subfield>
    <subfield code="g">1.00</subfield>
    <subfield code="o">579 &#x10DA;-93</subfield>
    <subfield code="p">69787</subfield>
    <subfield code="r">2024-11-19</subfield>
    <subfield code="t">69787</subfield>
    <subfield code="w">2024-11-19</subfield>
    <subfield code="y">BK</subfield>
    <subfield code="z">1&#x10DA;.</subfield>
  </datafield>
  <datafield tag="952" ind1=" " ind2=" ">
    <subfield code="0">0</subfield>
    <subfield code="1">0</subfield>
    <subfield code="2">udc</subfield>
    <subfield code="4">0</subfield>
    <subfield code="6">579_&#x10DA;93</subfield>
    <subfield code="7">0</subfield>
    <subfield code="9">102182</subfield>
    <subfield code="a">CPL</subfield>
    <subfield code="b">CPL</subfield>
    <subfield code="c">GEN</subfield>
    <subfield code="d">2025-03-04</subfield>
    <subfield code="g">0.00</subfield>
    <subfield code="o">579 &#x10DA;-93</subfield>
    <subfield code="p">70725</subfield>
    <subfield code="r">2025-03-04</subfield>
    <subfield code="t">70725</subfield>
    <subfield code="w">2025-03-04</subfield>
    <subfield code="y">BK</subfield>
    <subfield code="z">0.50 &#x10D7;.</subfield>
  </datafield>
  <datafield tag="952" ind1=" " ind2=" ">
    <subfield code="0">0</subfield>
    <subfield code="1">0</subfield>
    <subfield code="2">udc</subfield>
    <subfield code="4">0</subfield>
    <subfield code="6">579_&#x10DA;93</subfield>
    <subfield code="7">0</subfield>
    <subfield code="9">102183</subfield>
    <subfield code="a">CPL</subfield>
    <subfield code="b">CPL</subfield>
    <subfield code="c">GEN</subfield>
    <subfield code="d">2025-03-04</subfield>
    <subfield code="g">0.00</subfield>
    <subfield code="o">579 &#x10DA;-93</subfield>
    <subfield code="p">70726</subfield>
    <subfield code="r">2025-03-04</subfield>
    <subfield code="t">70726</subfield>
    <subfield code="w">2025-03-04</subfield>
    <subfield code="y">BK</subfield>
    <subfield code="z">0.50 &#x10D7;.</subfield>
  </datafield>
  <datafield tag="952" ind1=" " ind2=" ">
    <subfield code="0">0</subfield>
    <subfield code="1">0</subfield>
    <subfield code="2">udc</subfield>
    <subfield code="4">0</subfield>
    <subfield code="6">579_&#x10DA;93</subfield>
    <subfield code="7">0</subfield>
    <subfield code="9">102184</subfield>
    <subfield code="a">CPL</subfield>
    <subfield code="b">CPL</subfield>
    <subfield code="c">GEN</subfield>
    <subfield code="d">2025-03-04</subfield>
    <subfield code="g">0.00</subfield>
    <subfield code="o">579 &#x10DA;-93</subfield>
    <subfield code="p">70728</subfield>
    <subfield code="r">2025-03-04</subfield>
    <subfield code="t">70728</subfield>
    <subfield code="w">2025-03-04</subfield>
    <subfield code="y">BK</subfield>
    <subfield code="z">0.50 &#x10D7;.</subfield>
  </datafield>
  <datafield tag="952" ind1=" " ind2=" ">
    <subfield code="0">0</subfield>
    <subfield code="1">0</subfield>
    <subfield code="2">udc</subfield>
    <subfield code="4">0</subfield>
    <subfield code="6">579_&#x10DA;93</subfield>
    <subfield code="7">0</subfield>
    <subfield code="9">102185</subfield>
    <subfield code="a">CPL</subfield>
    <subfield code="b">CPL</subfield>
    <subfield code="c">GEN</subfield>
    <subfield code="d">2025-03-04</subfield>
    <subfield code="g">0.00</subfield>
    <subfield code="o">579 &#x10DA;-93</subfield>
    <subfield code="p">70727</subfield>
    <subfield code="r">2025-03-04</subfield>
    <subfield code="t">70727</subfield>
    <subfield code="w">2025-03-04</subfield>
    <subfield code="y">BK</subfield>
    <subfield code="z">0.50 &#x10D7;.</subfield>
  </datafield>
</record>
